000 01451nam a2200289 a 4500
001 1319086
003 AM-YeHGA
005 20250618080123.0
008 041220s1990 ai a|||gr|||||||||0|arm|d
020 _a5807704878
040 _aAM-YeHGA
041 1 _aarm
_hfre
100 1 _aԳասպարյան, Սամվել Ցոլակի
_eհեղ.
_4aut
_eթարգմ.
_4trl
245 1 0 _aԱզնավուրը՝ ծանոթ և անծանոթ /
_cՀեղ. և թարգմ.՝ Ս.Ց. Գասպարյան ; Խմբ.՝ Գ. Դևրիկյան, Գ. Իսրայելյան.
260 _aԵրևան :
_bԱ. հ.,
_c1990.
300 _a190 էջ :
_bդիմանկ., լուսանկ. ;
_c17 սմ.
500 _aԳրքի թվային տարբերակը ներբեռնված է Համահայկական էլեկտրոնային գրադարանի կայքից՝ www.freebooks.do.am:
500 _aԳրքում զետեղված է նաև Ազնավուրի բանաստեղծությունները
600 1 4 _aԱզնավուր, Շառլ,
_d1924-2018
_99380
650 1 0 _aՀայ հուշագրություն
_95766
650 1 4 _aՖրանսիական պոեզիա
700 1 _aԴևրիկյան, Գևորգ Խաչատուրի,
_d1937-1996
_eխմբ.
_4edt
_91877
700 1 _aԻսրայելյան, Գարիկ Գուրգենի,
_d1948-
_eխմբ.
_4edt
_93579
856 4 1 _uhttp://haygirk.nla.am/upload/1941-/aznavur_1990.pdf
_yԿարդալ առցանց
942 _2udc
_cBK
090 _c566511
999 _c528314
_d528314